000 00807nam a22002417a 4500
003 UA-OsUOA
001 77210
007 ta
008 20110905b un ||||| |||| 00| 0 ukr d
100 _aБрич Л.П.
090 _a343.61
_bБ87
942 _cBK
040 _aUA-OsUOA
_bukr
_cUA-OsUOA
_dUA-OsUOA
245 _aРозмежування складів злочинів, спільною ознакою яких є суспільно небезпечні наслідки у вигляді шкоди здоров'ю людини
300 _a60 с.
955 _a2
041 _aukr
080 _a343.61
020 _a978-611-511-004-9
260 _aЛьвів
_bЛДУВС
_c2009
650 7 _a343 Кримінальне право. Карні порушення
_2UDC
999 _c363521
_d363521